[Event "SWE-chT 1920 Superettan"]
[Site "Sweden"]
[Date "2020.02.29"]
[Round "6"]
[White "Carlsson, Andreas"]
[Black "Sandbom, Jonas"]
[Result "1/2-1/2"]
[WhiteElo "1994"]
[BlackElo "2105"]
[PlyCount "51"]
[EventDate "2019.10.18"]
[EventType "team-tourn"]
[EventRounds "9"]
[EventCountry "SWE"]
[SourceTitle "EXT 2023"]
[Source "ChessBase"]
[SourceDate "2022.10.05"]
[SourceVersion "1"]
[SourceVersionDate "2022.10.05"]
[SourceQuality "1"]
[WhiteTeam "Vasteras II"]
[BlackTeam "Stockholm Rockaden II"]
[WhiteTeamCountry "SWE"]
[BlackTeamCountry "SWE"]

1. d4 Nf6 2. Nc3 d5 3. Bf4 Bf5 4. e3 e6 5. Be2 Bd6 6. Be5 Bxe5 7. dxe5 Ne4 8. Nxe4 Bxe4 9. f3 Bg6 10. h4 h6 11. Bd3 Bxd3 12. Qxd3 Nd7 13. f4 c6 14. Ne2 Qa5+ 15. c3 Nc5 16. Qc2 Qa6 17. 0-0 Ne4 18. Rf3 Qb6 19. Ng3 0-0-0 20. b4 Nxg3 21. Rxg3 g6 22. Qd3 h5 23. Qd4 Qxd4 24. exd4 Kc7 25. Rb1 Kb6 26. a4 1/2-1/2

[Event "SWE-chT2 1617"]
[Site "Sweden"]
[Date "2016.10.14"]
[Round "1.3"]
[White "Lissang, Christopher"]
[Black "Sandbom, Jonas"]
[Result "1-0"]
[WhiteElo "2327"]
[BlackElo "2108"]
[PlyCount "43"]
[EventDate "2016.10.14"]
[EventType "team-tourn"]
[EventRounds "9"]
[EventCountry "SWE"]
[SourceTitle "EXT 2017"]
[Source "ChessBase"]
[SourceDate "2016.10.25"]
[SourceVersion "1"]
[SourceVersionDate "2016.10.25"]
[SourceQuality "1"]
[WhiteTeam "Stockholm SS"]
[BlackTeam "Stockholm Rockaden II"]
[WhiteTeamCountry "SWE"]
[BlackTeamCountry "SWE"]

1. e4 e5 2. Nf3 Nc6 3. Nc3 Nf6 4. Be2 Bc5 5. Nxe5 Nxe5 6. d4 Bd6 7. dxe5 Bxe5 8. Nb5 a6 9. f4 axb5 10. fxe5 Nxe4 11. Qd5 Ng5 12. 0-0 0-0 13. Be3 c6 14. Qd4 Ne6 15. Qe4 d5 16. exd6 Qxd6 17. Bd3 g6 18. Rf6 Ra4 19. Qf3 Qe5 20. Qf2 Ng5 21. Rf1 Be6 22. Bxg5 1-0

[Event "SWE-chT2 0809"]
[Site "Sweden"]
[Date "2008.12.06"]
[Round "3"]
[White "Bernhardsson, Sten Hilding G"]
[Black "Sandbom, Jonas"]
[Result "1-0"]
[WhiteElo "2096"]
[BlackElo "2212"]
[PlyCount "67"]
[EventDate "2008.10.25"]
[EventType "team-tourn"]
[EventRounds "9"]
[EventCountry "SWE"]
[SourceTitle "EXT 2011"]
[Source "ChessBase"]
[SourceDate "2010.11.26"]
[SourceVersion "1"]
[SourceVersionDate "2010.11.26"]
[SourceQuality "1"]

1. d4 Nf6 2. c4 g6 3. Nc3 d5 4. Bg5 Ne4 5. Bh4 Nxc3 6. bxc3 Bg7 7. e3 c5 8. Nf3 Nc6 9. cxd5 Qxd5 10. Be2 cxd4 11. cxd4 Qa5+ 12. Nd2 e5 13. 0-0 exd4 14. Nc4 Qd5 15. e4 Qe6 16. f4 0-0 17. Bd3 f5 18. e5 Nb4 19. Nd6 Nxd3 20. Qxd3 Qd5 21. Be7 Bd7 22. Bxf8 Bxf8 23. Rfd1 Bxd6 24. exd6 Qxd6 25. Qxd4 Qxd4+ 26. Rxd4 Bc6 27. Rad1 Kf7 28. Rd8 Rxd8 29. Rxd8 h6 30. Rd6 Kg7 31. Kf2 g5 32. g3 gxf4 33. gxf4 Be4 34. Ke3 1-0

[Event "SWE-chT2 0708"]
[Site "Sweden"]
[Date "2008.03.09"]
[Round "9"]
[White "Sandbom, Jonas"]
[Black "Nilsson, Victor"]
[Result "1-0"]
[WhiteElo "2199"]
[BlackElo "2171"]
[PlyCount "71"]
[EventDate "2007.10.20"]
[EventType "team-tourn"]
[EventRounds "9"]
[EventCountry "SWE"]
[SourceTitle "EXT 2009"]
[Source "ChessBase"]
[SourceDate "2008.11.26"]
[SourceVersion "1"]
[SourceVersionDate "2008.11.26"]
[SourceQuality "1"]
[WhiteTeam "Stockholm Rockaden II"]
[BlackTeam "Vastervik"]
[WhiteTeamCountry "SWE"]
[BlackTeamCountry "SWE"]

1. e4 c5 2. Nf3 d6 3. Bb5+ Nd7 4. 0-0 e6 5. Re1 a6 6. Bf1 Ne5 7. c3 Ne7 8. d4 Nxf3+ 9. Qxf3 Nc6 10. d5 Ne5 11. Qg3 h5 12. f4 h4 13. Qe3 Ng4 14. Qf3 e5 15. h3 Nf6 16. fxe5 dxe5 17. a4 Nh5 18. Na3 Qf6 19. Qxf6 gxf6 20. Nc4 Bh6 21. b4 cxb4 22. cxb4 Rb8 23. Bxh6 Rxh6 24. Rac1 Bd7 25. Nb6 Rg6 26. Re3 Rg3 27. Rxg3 Nxg3 28. Rc7 Rd8 29. Rxb7 Nxe4 30. Bxa6 Nd6 31. Rc7 f5 32. Bb7 Rb8 33. Nxd7 Rxb7 34. Rxb7 Nxb7 35. Nxe5 Ke7 36. Nc4 1-0

[Event "SWE-chT2 0708"]
[Site "Sweden"]
[Date "2008.03.07"]
[Round "7"]
[White "Krantz, Christopher"]
[Black "Sandbom, Jonas"]
[Result "1-0"]
[WhiteElo "2156"]
[BlackElo "2199"]
[PlyCount "79"]
[EventDate "2007.10.20"]
[EventType "team-tourn"]
[EventRounds "9"]
[EventCountry "SWE"]
[SourceTitle "EXT 2009"]
[Source "ChessBase"]
[SourceDate "2008.11.26"]
[SourceVersion "1"]
[SourceVersionDate "2008.11.26"]
[SourceQuality "1"]
[WhiteTeam "Eksjo"]
[BlackTeam "Stockholm Rockaden II"]
[WhiteTeamCountry "SWE"]
[BlackTeamCountry "SWE"]

1. e4 c5 2. Nf3 e6 3. d4 cxd4 4. Nxd4 Nf6 5. Bd3 Nc6 6. Nxc6 bxc6 7. 0-0 d5 8. Nd2 Be7 9. b3 0-0 10. Bb2 a5 11. Qe2 a4 12. Nf3 Qb6 13. Bd4 c5 14. Bc3 dxe4 15. Bxe4 Ba6 16. Bd3 Bxd3 17. Qxd3 Rfd8 18. Qc4 Nd5 19. Be5 Qb4 20. Qe2 f6 21. Bb2 Qg4 22. g3 e5 23. Rad1 Kh8 24. c4 Nf4 25. Qe3 axb3 26. axb3 Ne6 27. Ra1 e4 28. Nd2 f5 29. f3 Bg5 30. Qe2 Qh5 31. g4 Qh6 32. gxf5 Nf4 33. Qxe4 Rxa1 34. Bxa1 Nh3+ 35. Kh1 Bxd2 36. f6 gxf6 37. Qf5 Bg5 38. Bc3 Nf4 39. Rg1 Rg8 40. Rxg5 1-0

[Event "SWE-chT2 0708"]
[Site "Sweden"]
[Date "2008.02.24"]
[Round "6"]
[White "Jordas, Ingvar"]
[Black "Sandbom, Jonas"]
[Result "0-1"]
[WhiteElo "1887"]
[BlackElo "2199"]
[PlyCount "50"]
[EventDate "2007.10.20"]
[EventType "team-tourn"]
[EventRounds "9"]
[EventCountry "SWE"]
[SourceTitle "EXT 2009"]
[Source "ChessBase"]
[SourceDate "2008.11.26"]
[SourceVersion "1"]
[SourceVersionDate "2008.11.26"]
[SourceQuality "1"]
[WhiteTeam "Passanten"]
[BlackTeam "Stockholm Rockaden II"]
[WhiteTeamCountry "SWE"]
[BlackTeamCountry "SWE"]

1. e4 c5 2. b3 Nc6 3. Bb2 e5 4. Bb5 d6 5. c4 f5 6. Nc3 Nf6 7. d3 Be7 8. Nge2 0-0 9. Bxc6 bxc6 10. 0-0 f4 11. f3 h5 12. g3 g5 13. gxf4 gxf4 14. Kh1 Kf7 15. Qd2 Nh7 16. Nd1 Bh3 17. Nf2 Bxf1 18. Rxf1 Ng5 19. Ng1 Qd7 20. Bc3 Rg8 21. Rd1 Rg7 22. Qb2 Rag8 23. Qa3 Qe6 24. Qxa7 Qg6 25. Ng4 hxg4 0-1

[Event "SWE-chT2 0708"]
[Site "Sweden"]
[Date "2008.02.02"]
[Round "6"]
[White "Lindeman, Sven"]
[Black "Sandbom, Jonas"]
[Result "0-1"]
[WhiteElo "2208"]
[BlackElo "2194"]
[PlyCount "120"]
[EventDate "2007.10.20"]
[EventType "team-tourn"]
[EventRounds "9"]
[EventCountry "SWE"]
[SourceTitle "EXT 2009"]
[Source "ChessBase"]
[SourceDate "2008.11.26"]
[SourceVersion "1"]
[SourceVersionDate "2008.11.26"]
[SourceQuality "1"]
[WhiteTeam "Farsta"]
[BlackTeam "Stockholm Rockaden II"]
[WhiteTeamCountry "SWE"]
[BlackTeamCountry "SWE"]

1. e4 c5 2. Nf3 e6 3. d3 Nc6 4. g3 g6 5. d4 cxd4 6. Nxd4 a6 7. Nxc6 dxc6 8. Qxd8+ Kxd8 9. e5 f5 10. exf6 Nxf6 11. Bg5 Be7 12. Bg2 Nd5 13. h4 h6 14. Bd2 Bf6 15. c3 Ke7 16. Na3 Bd7 17. 0-0-0 b5 18. c4 Nb6 19. Bb4+ Ke8 20. Be4 Rg8 21. Rhe1 Rc8 22. h5 gxh5 23. Bf3 Rg5 24. Bd2 Rf5 25. Be4 Rxf2 26. Bg6+ Ke7 27. cxb5 cxb5+ 28. Kb1 Nd5 29. Nc2 Rg8 30. Be4 Kf7 31. Rh1 Bg5 32. Be1 Rxc2 33. Bxc2 Rc8 34. Bd2 Nf6 35. Bc3 Bc6 36. Rhf1 Bd5 37. Rf2 Ke7 38. Rdf1 Ne4 39. Bb4+ Kd7 40. Rf7+ Kc6 41. Be1 Kb6 42. b3 Nd2+ 43. Bxd2 Bxd2 44. R1f2 Bg5 45. Rh2 Rc3 46. Rxh5 Rxg3 47. Rh2 Rg1+ 48. Kb2 e5 49. Rxh6+ Bxh6 50. Rf6+ Kc5 51. Rxh6 Rg2 52. Rh4 e4 53. Kc1 e3 54. b4+ Kd6 55. Bb3 Rg1+ 56. Kc2 e2 57. Rh6+ Ke5 58. Rh5+ Kf4 59. Rxd5 e1Q 60. Rd4+ Ke3 0-1

[Event "SWE-chT2 0708"]
[Site "Sweden"]
[Date "2007.11.17"]
[Round "3"]
[White "Cederberg, Karl Olof"]
[Black "Sandbom, Jonas"]
[Result "1-0"]
[WhiteElo "2216"]
[BlackElo "2217"]
[PlyCount "57"]
[EventDate "2007.10.20"]
[EventType "team-tourn"]
[EventRounds "9"]
[EventCountry "SWE"]
[SourceTitle "EXT 2009"]
[Source "ChessBase"]
[SourceDate "2008.11.26"]
[SourceVersion "1"]
[SourceVersionDate "2008.11.26"]
[SourceQuality "1"]
[WhiteTeam "Upsala II"]
[BlackTeam "Stockholm Rockaden II"]
[WhiteTeamCountry "SWE"]
[BlackTeamCountry "SWE"]

1. e4 c5 2. Nf3 e6 3. c3 d5 4. e5 Qb6 5. d4 Bd7 6. Be2 Bb5 7. 0-0 Nc6 8. Bxb5 Qxb5 9. a4 Qb6 10. dxc5 Bxc5 11. b4 Be7 12. Na3 a6 13. Qe2 Qc7 14. Nc2 Rc8 15. Bd2 h5 16. Ncd4 g6 17. b5 axb5 18. Qxb5 Kf8 19. Rab1 Na5 20. Ng5 Bxg5 21. Bxg5 Ne7 22. Bf6 Rh7 23. Qb4 Qc5 24. Qxc5 Rxc5 25. Nb3 Nxb3 26. Rxb3 Nc8 27. Rxb7 Rxc3 28. Rd7 Rc4 29. Rd8# 1-0